00801cam a2200253 a 45000010008000000030004000080050017000120080041000290100017000700200028000870200022001150400018001370430012001550500020001670820024001872450097002112600050003083000027003585000045003855040039004306500037004697000019005067000022005252420873OSt20230620154611.0870213s1987 ncu b 001 0 eng  a 87005341  a0822306859 (alk. paper) a0822307669 (pbk.) aDLCcDLCdDLC ad------00aJF60b.C66 198700a324.9172/4219bWEI00aCompetitive elections in developing countries /cedited by Myron Weiner and Ergun Özbudun. a[Durham, NC] :bDuke University Press,c1987. axiii, 432 p. ;c24 cm. a"An American Enterprise Institute book." aIncludes bibliographies and index. 0aElectionszDeveloping countries.1 aWeiner, Myron.1 aÖzbudun, Ergun.